Guddi ki Kahani / گڈی کی کہانی (Record no. 534290)

000 -LEADER
fixed length control field 00287nam a22001217a 4500
040 ## - CATALOGING SOURCE
Transcribing agency MSOHAIL
082 ## - DEWEY DECIMAL CLASSIFICATION NUMBER
Classification number 891.439301
100 ## - MAIN ENTRY--PERSONAL NAME
Personal name Mumtaz Mufti
9 (RLIN) 370
245 ## - TITLE STATEMENT
Title Guddi ki Kahani / گڈی کی کہانی
260 ## - PUBLICATION, DISTRIBUTION, ETC.
Place of publication, distribution, etc. Lahore
Name of publisher, distributor, etc. Al-Faisal
Date of publication, distribution, etc. c2006
300 ## - PHYSICAL DESCRIPTION
Extent 207;p
942 ## - ADDED ENTRY ELEMENTS (KOHA)
Source of classification or shelving scheme
Koha item type Book
Holdings
Withdrawn status Lost status Source of classification or shelving scheme Damaged status Not for loan Permanent Location Current Location Date acquired Total Checkouts Full call number Barcode Date last seen Date last checked out Price effective from Koha item type
          School of Civil and Environmental Engineering (SCEE) School of Civil and Environmental Engineering (SCEE) 02/11/2020 1 891.439301 NIT-9723 11/21/2022 10/18/2022 02/11/2020 Book
© 2023 Central Library, National University of Sciences and Technology. All Rights Reserved.